ロード中...

Hindi:dasha aur disha/

書誌詳細
第一著者: Prabhakar Shrotriya
フォーマット: Printed Book
出版事項: Delhi: Himachal Pusthak Bandar, 1995.
LEADER 00365 a2200109 4500
100 |a Prabhakar Shrotriya 
245 |a Hindi:dasha aur disha/  |c Prabhakar Shrotriya 
260 |a Delhi:  |b Himachal Pusthak Bandar,  |c 1995. 
300 |a 112p. 
942 |2 ddc  |c BK 
999 |c 238232  |d 238232 
952 |0 0  |1 0  |4 0  |7 0  |9 264544  |a HIN  |b HIN  |c S-2  |d 2011-06-30  |i 15171  |l 0  |p HIN15171  |r 2011-06-30  |w 2014-02-07  |y BK